000 01032nas a2200265 454500
001 10351
005 20260407193504.0
008 260407s2012####ag###########|||spa#d
003 AR-UNSa-BCEJYS
040 _aAR-UNSa-BCEJYS
_bspa
_cAR-UNSa-BCEJYS
080 _a343.2
_xDerecho penal
245 1 0 _aDerecho Penal
022 _a2250-7558
264 1 _aBuenos Aires :
_bMinisterio de Justicia y Derechos Humanos de la Nación
_c2012
310 _aFrecuencia: Cuatrimestral
505 _aEsta publicación está destinada a ampliar el horizonte del debate jurídico con el propósito de gestar desde el ámbito público un espacio que exprese la discusión doctrinaria y la difusión de ideas
942 _cSER
590 _aniveau_biblio:s niveau_hierar:1
100 1 _aDe Luca, Javier Augusto
700 1 _aAlagia, Alejandro
700 1 _aSlokar, Alejandro
650 _aDerecho penal
650 _aDerecho Procesal
856 4 1 _uhttps://biblioeco.unsa.edu.ar/pmb/images/revistas/Derecho Penal.jpg
_yImagen de portada
_qimage/jpeg
999 _c8440
_d8440